Paramedics 6-in-1 Handbook (Record no. 523)

MARC details
000 -LEADER
Fixed length control field 00534nam a2200193 4500
003 - CONTROL NUMBER IDENTIFIER
Control field SEACOMMC
005 - DATE AND TIME OF LATEST TRANSACTION
Control field 20240420130209.0
008 - FIXED-LENGTH DATA ELEMENTS--GENERAL INFORMATION
Fixed length control field 240420b |||||||| |||| 00| 0 eng d
020 ## - INTERNATIONAL STANDARD BOOK NUMBER / ISBN
International Standard Book Number 978-93-5090-210-3
040 ## - CATALOGING SOURCE
Original cataloging agency SEACOMMC
082 ## - DEWEY DECIMAL CLASSIFICATION NUMBER
Classification number 616.025
Book Number M696
100 ## - MAIN ENTRY--PERSONAL NAME
Personal name Mogli, G.D
245 ## - TITLE STATEMENT
Title Paramedics 6-in-1 Handbook
Statement of responsibility G.D Mogli,
250 ## - EDITION STATEMENT
Edition statement 2nd ed
260 ## - IMPRINT
Place of publication New Delhi
Name of publisher Jaypee Brothers Medical Publishers
Date of publication 2013
300 ## - PHYSICAL DESCRIPTION
Page / Vol. No xviii,638p.
Dimensions 24cm
650 ## - SUBJECT ADDED ENTRY--TOPICAL TERM
Topical term Emergency medicine - Study and teaching
942 ## - ADDED ENTRY ELEMENTS (KOHA)
Koha item type Books
Holdings
Withdrawn status Lost status Source of classification Damaged status Not for loan Home library Current library Date acquired Total Checkouts Call number Accession number Date last seen Price effective from Koha item type Copy number
    Dewey Decimal Classification     SEACOM MANAGEMENT COLLEGE SEACOM MANAGEMENT COLLEGE 20/04/2024   616.025 M696 M3188 20/04/2024 20/04/2024 Reference Books  
    Dewey Decimal Classification     SEACOM MANAGEMENT COLLEGE SEACOM MANAGEMENT COLLEGE 20/04/2024   616.025 M696 M3189 20/04/2024 20/04/2024 Books 1
    Dewey Decimal Classification     SEACOM MANAGEMENT COLLEGE SEACOM MANAGEMENT COLLEGE 20/04/2024   616.025 M696 M3190 20/04/2024 20/04/2024 Books 2
© Seacom Engineering College, All rights reserved.    Powered by Koha